000 00559nam a2200193Ia 4500
005 20250326143518.0
008 250326s9999 xx 000 0 und d
020 _a0-8311-3153-5
037 _aTextbook
040 _aFMSL
_beng
_cFMSL
041 _aeng
_2eng
084 _aX:8 P2
_qFMSL
100 _aWilson A
245 0 _aAsset maintece management : guide to developing strategic & improving performance
_cWilson A
260 _aNew York
_bNew York, Industrial
_c2003
300 _a828p
942 _cTB
_hX:8 P2
999 _c1299890
_d1299890